| 000 | 00389 a2200133 4500 | ||
|---|---|---|---|
| 001 | 91391 | ||
| 082 | _aPR 1285 | ||
| 090 |
_c43520 _d43519 |
||
| 100 | _aBilal Farooq; Prof Khalid Pervaiz and Wajid Ali Chishti (Advisors) | ||
| 245 |
_aSimulation of Airflow Pattern Inside Air Intake _n49 "A" EC |
||
| 260 |
_aKarachi _bNED University _c1998 |
||
| 300 | _a40p | ||
| 500 | _aBE Poject Reports | ||
| 942 |
_aCAE NUST _kPR 1285 |
||
| 999 |
_c326464 _d326464 |
||